<?xml version="1.0" encoding="UTF-8"?>
<marc:record xmlns:marc="http://www.loc.gov/MARC21/slim">
   <marc:leader>00000nam a2200000 a 4500</marc:leader>
   <marc:datafield ind1=" " ind2=" " tag="653">
      <marc:subfield code="a">Fahrzeug</marc:subfield>
   </marc:datafield>
   <marc:datafield ind1="0" ind2="0" tag="245">
      <marc:subfield code="a">Megafahrzeuge</marc:subfield>
   </marc:datafield>
   <marc:datafield ind1="0" ind2="0" tag="245">
      <marc:subfield code="b">entdecke Baustelle, Weltraumstation &amp; Co : das Riesen-Ausziehseiten-Buch : mit Riesenpanoramaseiten</marc:subfield>
   </marc:datafield>
   <marc:datafield ind1=" " ind2="1" tag="264">
      <marc:subfield code="a">Frankfurt am Main</marc:subfield>
      <marc:subfield code="b">Fischer Sauerländer</marc:subfield>
      <marc:subfield code="c">2022</marc:subfield>
   </marc:datafield>
   <marc:datafield ind1="1" ind2=" " tag="520">
      <marc:subfield code="a">Fünf beliebte Fahrzeuge auf großen Panoramaseiten dargestellt. (ab 3) (JT) Dieses Kindersachbuch lockt mit seiner besonderen Aufmachung als »Riesen-Ausziehseiten-Buch«: Beeindruckende Fahrzeuge werden auf Panorama-Seiten präsentiert und können von neugierigen Kindern erkundet werden. Die angepriesenen Mega-Fahrzeuge sind interessierten jungen Leser*innen allerdings mit Sicherheit schon in anderen Büchern in präziserer Darstellung begegnet: Kreuzfahrtschiff und Raumstation mögen am ehesten begeistern. Auf den anderen drei Seiten kann ein Blick in das Innere verschiedener Züge oder in ein Flugzeug geworfen werden und ein Baustellenareal zeigt unterschiedliche Baumaschinen, deren Funktionsweise und Einsatzgebiete in anderen Sachbüchern jedoch besser zur Geltung kommen. Ein Suchspiel auf jeder Seite und abgedruckte Fragen am Schluss sollen die Kinder zu einer eingehenden Beschäftigung mit den gebotenen Inhalten anregen. Indem man behutsam in Richtung der abgedruckten Pfeile zieht, können die hochformatigen Seiten zu einem querformatigen Panoramabild erweitert werden. Der Schiebemechanismus ist für Kinderhände jedoch schwierig zu bedienen. Zieht man zu fest, hat man den zur Seite schiebbaren Karton plötzlich zur Gänze in der Hand und muss in mühsamer Friemelarbeit vorsichtig versuchen, ihn wieder in die Seite «einzubauen», ohne den Karton dabei zu zerreißen. Das besondere Extra macht das Buch leider anfällig für Beschädigungen. Wohl eine Herausforderung für Buchgestaltung und -produktion, aber für Büchereien nur bedingt geeignet. Fazit: Gut gemeint, aber nicht so empfehlenswert wie gedacht!</marc:subfield>
   </marc:datafield>
   <marc:datafield ind1=" " ind2=" " tag="020">
      <marc:subfield code="a">9783737359030</marc:subfield>
      <marc:subfield code="9">9783737359030</marc:subfield>
   </marc:datafield>
   <marc:datafield ind1=" " ind2=" " tag="020">
      <marc:subfield code="a">3737359032</marc:subfield>
      <marc:subfield code="9">3737359032</marc:subfield>
   </marc:datafield>
   <marc:datafield ind1=" " ind2=" " tag="300">
      <marc:subfield code="a">12 ungezählte Seiten : Illustrationen</marc:subfield>
   </marc:datafield>
</marc:record>
